000 01307nam a22003617a 4500
003 CHAP
005 20220329135157.0
008 971013s1977 r 00010 d
010 _a32179
011 _a33151
035 _a37266
040 _cCHAP
090 _aTesis
100 0 0 _aLópez González, José.
_967933
245 _aEstudio comparativo en becerras Holstein alimentadas con calostro fermentado, usando tres litros de calostro, contra cuatro litros de leche y destetados a las seis semanas
260 _aMéxico, D.F. :
_bEl autor,
_c1977
300 _a(s.p.)
502 _aTesis (Médico Veterinario Zootecnista) -- UNAM. Fac. de Medicina Veterinaria y Zootecnia
590 _aALEPH
_b10
_c20130110
_lUCH01
_h1255
590 _aBATCH-UPD
_b10
_c20130110
_lUCH01
_h0019
590 _aBATCH-UPD
_b10
_c20130110
_lUCH01
_h1311
590 _aBATCH-UPD
_b10
_c20130409
_lUCH01
_h1958
590 _aBATCH-UPD
_b10
_c20130410
_lUCH01
_h0824
590 _aBATCH-UPD
_b10
_c20130914
_lUCH01
_h0552
590 _aCONVERSION
_b10
_c20130109
_lUCH01
_h1318
650 1 4 _aBecerros
_xAlimentación.
_911172
650 1 4 _aBecerros
_xDestete.
_911178
650 1 4 _aCalostro.
_917582
650 1 4 _aLeche en nutrición animal.
_965438
901 _aBK
942 _cTESIS
949 _bBC
_cTES
_d-85373
_eTS1
_i37266
_si
999 _c32179
_d32179